Southville International School and Colleges
Your cart is empty.
  • Cart
  • Lists
    Public lists Eva Luna New books Lux_list list_1
    Your lists Log in to create your own lists
  • Log in to your account
  • Your cookies
  • Search history
Southville International School and Colleges
  • Advanced search
  • Recent comments
  • Most popular
  • Libraries

Log in to your account

Log in with GOOGLE


If you do not have an external account, but do have a local account, you can still log in:

  1. Home
  2. MARC view: Counselling and psychotherapy :
Normal view MARC view ISBD view

Counselling and psychotherapy : (Record no. 117950)

[ view plain ]
MARC details
000 -LEADER
fixed length control field 00663nam a2200217Ia 4500
005 - DATE AND TIME OF LATEST TRANSACTION
control field 20150108133112.0
008 - FIXED-LENGTH DATA ELEMENTS--GENERAL INFORMATION
fixed length control field 140609s9999 xx 000 0 und d
020 ## - INTERNATIONAL STANDARD BOOK NUMBER
International Standard Book Number 9789814424844
050 ## - LIBRARY OF CONGRESS CALL NUMBER
Classification number BF 637.C6
Item number .C574 2013
100 ## - MAIN ENTRY--PERSONAL NAME
Personal name Corey, Gerald.
245 ## - TITLE STATEMENT
Title Counselling and psychotherapy :
Remainder of title theory and practice /
Statement of responsibility, etc Gerald Corey
250 ## - EDITION STATEMENT
Edition statement 2nd ed.
260 ## - PUBLICATION, DISTRIBUTION, ETC. (IMPRINT)
Place of publication, distribution, etc Singapore :
Name of publisher, distributor, etc Cengage Learning Asia Pte Ltd.,
Date of publication, distribution, etc c2013.
300 ## - PHYSICAL DESCRIPTION
Extent 534 p. ;
Dimensions 26 cm.
500 ## - GENERAL NOTE
General note Includes bibliographical references and index.
650 ## - SUBJECT ADDED ENTRY--TOPICAL TERM
Topical term or geographic name as entry element Analogy.
650 ## - SUBJECT ADDED ENTRY--TOPICAL TERM
Topical term or geographic name as entry element Cross-cultural counseling.
650 ## - SUBJECT ADDED ENTRY--TOPICAL TERM
Topical term or geographic name as entry element Psychotherapy.
942 ## - ADDED ENTRY ELEMENTS (KOHA)
Call number prefix Foreign
Koha item type Books
Source of classification or shelving scheme Library of Congress Classification
Holdings
Withdrawn status Lost status Damaged status Home library Current library Shelving location Date acquired Total Checkouts Total Renewals Full call number Barcode Date last seen Date checked out Price effective from Koha item type
      College Library College Library Reserve Section 06/09/2014 3 3 BF 637.C6 .C574 2013 C18238 12/05/2018 11/20/2018 06/09/2014 Books

Counselling and psychotherapy :

APA

Corey G., . (2013). Counselling and psychotherapy. Singapore: Cengage Learning Asia Pte Ltd.

Chicago

Corey Gerald, . 2013. Counselling and psychotherapy. Singapore: Cengage Learning Asia Pte Ltd.

Harvard

Corey G., . (2013). Counselling and psychotherapy. Singapore: Cengage Learning Asia Pte Ltd.

MLA

Corey Gerald, . Counselling and psychotherapy. Singapore: Cengage Learning Asia Pte Ltd. 2013.

  • Place hold
  • Print
  • Cite
  • Add to your cart (remove)
  • Save record
    BIBTEX Dublin Core MARCXML MARC (non-Unicode/MARC-8) MARC (Unicode/UTF-8) MARC (Unicode/UTF-8, Standard) MODS (XML) RIS
  • More searches
    Search for this title in:
    Other Libraries (WorldCat) Other Databases (Google Scholar) Online Stores (Bookfinder.com) Open Library (openlibrary.org)

Exporting to Dublin Core...

SOUTHVILLE LIBRARY

Southville International School and Colleges Library

1281 Tropical Ave. Cor. Luxembourg St., BF Homes International, Las Pinas City

Tel. No. 8256374 / 252358 Loc. 117/146

Powered by Koha